00333nam a2200121Ia 4500008004100000041001200041082002100053100002700074245003500101260002700136300001300163650003500176231217s9999 xx 000 0 und d aEnglish a001.6404 VEN;14 aVenugopal, K RRajkumar 0aMicroprocessor X86 programming c1995bNew Delhi : BPB, axvii+703 aMicroprocessor X86 programming